[Event "Tenerife-chT Preferente"]
[Site "Tenerife"]
[Date "2023.04.15"]
[Round "10.2"]
[White "Perez Garcia, Jimena"]
[Black "Schneider Sanchez, Carlos Domingo"]
[Result "1-0"]
[WhiteElo "1916"]
[BlackElo "1987"]
[PlyCount "79"]
[EventDate "2023.01.14"]
[EventType "team-tourn"]
[EventRounds "14"]
[EventCountry "ESP"]
[SourceTitle "EXT 2024"]
[Source "ChessBase"]
[SourceDate "2023.10.10"]
[SourceVersion "1"]
[SourceVersionDate "2023.10.10"]
[SourceQuality "1"]
[WhiteTeam "Caissa Enroque"]
[BlackTeam "Rey Ahogado"]
[WhiteTeamCountry "ESP"]
[BlackTeamCountry "ESP"]

1. d4 d5 2. c4 e6 3. Nc3 h6 4. Bf4 Nf6 5. e3 Bd6 6. Bxd6 Qxd6 7. c5 Qe7 8. Nf3 0-0 9. Bd3 b6 10. b4 a5 11. a3 axb4 12. axb4 Rxa1 13. Qxa1 Nc6 14. Qa4 Bd7 15. b5 Na5 16. c6 Be8 17. 0-0 Nh7 18. Qc2 f5 19. Ne5 Nf6 20. f3 Qd6 21. Na4 g5 22. Rc1 Qd8 23. Qc3 Bf7 24. Qb4 Kg7 25. Ra1 Ne8 26. Nd7 Rg8 27. Nac5 Nd6 28. Na6 Be8 29. Ndc5 Qe7 30. Rxa5 bxa5 31. Qxa5 e5 32. Qxc7 Qxc7 33. Nxc7 e4 34. Be2 Kf6 35. Nxd5+ Kg6 36. Ne7+ Kg7 37. Nxg8 Kxg8 38. fxe4 fxe4 39. c7 Nc8 40. Bg4 1-0

[Event "Tenerife-chT Preferente"]
[Site "Tenerife"]
[Date "2021.09.25"]
[Round "12.2"]
[White "Schneider Sanchez, Carlos Domingo"]
[Black "Martin Hernandez, Jonas David"]
[Result "0-1"]
[WhiteElo "2002"]
[BlackElo "1881"]
[PlyCount "100"]
[EventDate "2021.02.27"]
[EventType "team-tourn"]
[EventRounds "14"]
[EventCountry "ESP"]
[SourceTitle "EXT 2023"]
[Source "ChessBase"]
[SourceDate "2022.10.05"]
[SourceVersion "1"]
[SourceVersionDate "2022.10.05"]
[SourceQuality "1"]
[WhiteTeam "Rey Ahogado"]
[BlackTeam "Piratas La Orotava"]
[WhiteTeamCountry "ESP"]
[BlackTeamCountry "ESP"]

1. e4 c5 2. Nf3 g6 3. d4 cxd4 4. Nxd4 Nc6 5. c4 Nf6 6. Nc3 Nxd4 7. Qxd4 d6 8. Be2 Bg7 9. 0-0 0-0 10. Qd3 a5 11. Be3 a4 12. Bd4 Be6 13. f4 Bd7 14. Kh1 Qa5 15. Rad1 Bc6 16. Rb1 Nd7 17. Bxg7 Kxg7 18. b4 axb3 19. axb3 Qb4 20. Qc2 Nc5 21. Bf3 Ne6 22. f5 Nc5 23. h3 Ra7 24. Rb2 b6 25. Na2 Qa3 26. Qc3+ Kg8 27. Nb4 Na4 28. Qd4 Qxb4 29. bxa4 Qc5 30. Qxc5 bxc5 31. Rb6 Rc8 32. fxg6 hxg6 33. Bg4 Rcc7 34. a5 Rxa5 35. Bf3 Ra4 36. Rc1 Ra3 37. Kh2 Re3 38. Kg3 Ra3 39. Kf4 f6 40. h4 Bd7 41. Kg3 Be6 42. Kf4 Ra4 43. Be2 Ra2 44. Bf3 Rca7 45. g4 R7a4 46. g5 fxg5+ 47. Kxg5 Kg7 48. Rb7 Ra7 49. Rb8 R7a3 50. Rb7 Rxf3 0-1

[Event "Tenerife-chT Preferente 1920"]
[Site "Tenerife"]
[Date "2020.01.25"]
[Round "5.3"]
[White "Martinez Rojas, Carlos Jose"]
[Black "Schneider Sanchez, Carlos Domingo"]
[Result "0-1"]
[WhiteElo "2051"]
[BlackElo "1989"]
[PlyCount "80"]
[EventDate "2019.11.30"]
[EventType "team-tourn"]
[EventRounds "14"]
[EventCountry "ESP"]
[SourceTitle "CBM 195 Extra"]
[Source "ChessBase"]
[SourceDate "2020.05.31"]
[SourceVersion "1"]
[SourceVersionDate "2020.05.31"]
[SourceQuality "1"]
[WhiteTeam "Canarias 64"]
[BlackTeam "Rey Ahogado"]
[WhiteTeamCountry "ESP"]
[BlackTeamCountry "ESP"]

1. d4 Nf6 2. Nc3 g6 3. Bg5 Bg7 4. e4 d6 5. e5 dxe5 6. dxe5 Qxd1+ 7. Rxd1 Ng4 8. Nd5 Bxe5 9. Nxe7 f6 10. Nxc8 fxg5 11. Be2 Nf6 12. Nf3 Nc6 13. Bb5 Bxb2 14. 0-0 Rxc8 15. Rfe1+ Kf8 16. Nxg5 Nd8 17. Bc4 h6 18. Nf3 Nc6 19. Re3 Kg7 20. Rb3 Be5 21. Rxb7 Na5 22. Rb4 Bc3 23. Ra4 Rcd8 24. Bd3 Rd6 25. Nh4 Rhd8 26. Rb1 Rd4 27. Rxd4 Rxd4 28. Rb8 Rxh4 29. Rc8 Be5 30. Ra8 Nc6 31. g3 Rb4 32. Ba6 Rb8 33. Rxb8 Nxb8 34. Bb5 c6 35. Ba4 Bd4 36. Kg2 Ne4 37. Bb3 Nxf2 38. c3 Bb6 39. Bc2 Ng4 40. h3 Ne3+ 0-1

[Event "Tenerife-chT Preferente 1819"]
[Site "Tenerife"]
[Date "2019.03.16"]
[Round "10.3"]
[White "Ramos Aguilar, Jose Manuel"]
[Black "Schneider Sanchez, Carlos Domingo"]
[Result "1/2-1/2"]
[WhiteElo "2094"]
[BlackElo "1978"]
[PlyCount "46"]
[EventDate "2018.11.24"]
[EventType "team-tourn"]
[EventRounds "14"]
[EventCountry "ESP"]
[SourceTitle "CBM 189 Extra"]
[Source "ChessBase"]
[SourceDate "2019.06.03"]
[SourceVersion "1"]
[SourceVersionDate "2019.06.03"]
[SourceQuality "1"]
[WhiteTeam "Ebano Barrio Nuevo"]
[BlackTeam "Rey Ahogado"]
[WhiteTeamCountry "ESP"]
[BlackTeamCountry "ESP"]

1. Nf3 g6 2. e4 Bg7 3. d4 d6 4. Bc4 Nf6 5. Qe2 0-0 6. 0-0 Bg4 7. h3 Bxf3 8. Qxf3 Nc6 9. c3 e5 10. d5 Nb8 11. Bd3 Nbd7 12. c4 Nh5 13. Nc3 Nf4 14. Bc2 Qh4 15. Qg4 Qe7 16. Kh2 f5 17. exf5 h5 18. Qf3 Qh4 19. Bd2 gxf5 20. Rae1 e4 21. Qg3 Qxg3+ 22. fxg3 Ng6 23. Nd1 Be5 1/2-1/2

[Event "Tenerife-chT Preferente 1718"]
[Site "Tenerife"]
[Date "2018.02.10"]
[Round "9.3"]
[White "Alvarez Alonso, Alberto"]
[Black "Schneider Sanchez, Carlos Domingo"]
[Result "1/2-1/2"]
[WhiteElo "2022"]
[BlackElo "2005"]
[PlyCount "79"]
[EventDate "2017.11.11"]
[EventType "team-tourn"]
[EventRounds "14"]
[EventCountry "ESP"]
[SourceTitle "EXT 2019"]
[Source "ChessBase"]
[SourceDate "2018.10.10"]
[SourceVersion "1"]
[SourceVersionDate "2018.10.10"]
[SourceQuality "1"]
[WhiteTeam "Al Shah Mat Los Realejos"]
[BlackTeam "Rey Ahogado"]
[WhiteTeamCountry "ESP"]
[BlackTeamCountry "ESP"]

1. e4 g6 2. d4 Bg7 3. Nf3 d6 4. Bc4 c5 5. dxc5 Qa5+ 6. c3 Qxc5 7. Bb3 Nf6 8. Qe2 0-0 9. 0-0 Nc6 10. Bf4 Bg4 11. h3 Bxf3 12. Qxf3 Rac8 13. Nd2 Ne5 14. Qe2 Nfd7 15. Be3 Qa5 16. Bd4 b5 17. f4 Nc6 18. Bxg7 Kxg7 19. Nf3 b4 20. c4 Qb6+ 21. Kh1 Na5 22. e5 Nc5 23. exd6 Qxd6 24. Qe3 Qe6 25. Qe5+ Qf6 26. Qxf6+ Kxf6 27. Ne5 Rfd8 28. Rfd1 h5 29. Rxd8 Rxd8 30. Rd1 Rd6 31. Bc2 g5 32. Rxd6+ exd6 33. Nf3 gxf4 34. b3 Nc6 35. Kg1 Ne6 36. Kf2 a5 37. Bd1 Nc5 38. Nd2 Kg5 39. Nf3+ Kf5 40. Nd2 1/2-1/2

[Event "Tenerife-chT Preferente 1718"]
[Site "Tenerife"]
[Date "2018.01.27"]
[Round "8.4"]
[White "Ramirez Alvarez, Roberto"]
[Black "Schneider Sanchez, Carlos Domingo"]
[Result "1/2-1/2"]
[WhiteElo "1996"]
[BlackElo "2005"]
[PlyCount "38"]
[EventDate "2017.11.11"]
[EventType "team-tourn"]
[EventRounds "14"]
[EventCountry "ESP"]
[SourceTitle "EXT 2019"]
[Source "ChessBase"]
[SourceDate "2018.10.10"]
[SourceVersion "1"]
[SourceVersionDate "2018.10.10"]
[SourceQuality "1"]
[WhiteTeam "Canarias 64"]
[BlackTeam "Rey Ahogado"]
[WhiteTeamCountry "ESP"]
[BlackTeamCountry "ESP"]

1. d4 d5 2. c4 c6 3. Nf3 Nf6 4. Nc3 e6 5. cxd5 exd5 6. Bg5 Be7 7. e3 0-0 8. Bd3 Nbd7 9. Qc2 Re8 10. 0-0 Nf8 11. Bxf6 Bxf6 12. b4 Qe7 13. Rab1 a6 14. a4 Be6 15. Rfc1 Rec8 16. a5 Re8 17. Na4 Rad8 18. Nc5 Bc8 19. Bf5 Bxf5 1/2-1/2

[Event "Tenerife-chT Preferente 1718"]
[Site "Tenerife"]
[Date "2017.12.16"]
[Round "5.3"]
[White "Gonzalez Garcia, Zoilo"]
[Black "Schneider Sanchez, Carlos Domingo"]
[Result "1/2-1/2"]
[WhiteElo "2076"]
[BlackElo "2005"]
[PlyCount "55"]
[EventDate "2017.11.11"]
[EventType "team-tourn"]
[EventRounds "14"]
[EventCountry "ESP"]
[SourceTitle "EXT 2019"]
[Source "ChessBase"]
[SourceDate "2018.10.10"]
[SourceVersion "1"]
[SourceVersionDate "2018.10.10"]
[SourceQuality "1"]
[WhiteTeam "El Sauzal Gofio Plus"]
[BlackTeam "Rey Ahogado"]
[WhiteTeamCountry "ESP"]
[BlackTeamCountry "ESP"]

1. e4 e6 2. d4 d5 3. Nd2 dxe4 4. Nxe4 Bd7 5. Nf3 Bc6 6. Bd3 Nd7 7. 0-0 Ngf6 8. Ng3 Bd6 9. Re1 0-0 10. Ne5 Nd5 11. c4 Nb4 12. Nxc6 Nxc6 13. Be4 Qh4 14. Bxc6 bxc6 15. c5 Bxg3 16. hxg3 Qd8 17. Qa4 Nf6 18. Bg5 Qd5 19. Re5 Qd7 20. Bxf6 gxf6 21. Re3 Rfd8 22. Rd1 Rab8 23. b3 Ra8 24. Rf3 f5 25. Re3 a5 26. Qc4 Qe7 27. Qe2 Qf6 28. Re5 1/2-1/2

[Event "Tenerife Navidad op 27th"]
[Site "Tenerife"]
[Date "2016.12.19"]
[Round "1"]
[White "Cordero Alamo, Ramon"]
[Black "Schneider Sanchez, Carlos Domingo"]
[Result "0-1"]
[WhiteElo "1365"]
[BlackElo "2049"]
[PlyCount "72"]
[EventDate "2016.12.19"]
[EventType "swiss"]
[EventRounds "9"]
[EventCountry "ESP"]
[SourceTitle "CBM 176 Extra"]
[Source "ChessBase"]
[SourceDate "2017.03.02"]
[SourceVersion "1"]
[SourceVersionDate "2017.03.02"]
[SourceQuality "1"]

1. c4 c5 2. g3 Nc6 3. Bg2 g6 4. Nf3 Bg7 5. Nc3 e5 6. d3 Nge7 7. 0-0 0-0 8. Rb1 d5 9. cxd5 Nxd5 10. Nxd5 Qxd5 11. a3 Qd6 12. Bd2 Bg4 13. Bc3 Rfe8 14. Nd2 Qd7 15. Re1 Nd4 16. Nf3 Nxf3+ 17. exf3 Bf5 18. Bf1 Rad8 19. Re3 c4 20. g4 Bxd3 21. Bxd3 cxd3 22. Bd2 Qd5 23. Qa4 Bh6 24. Qxa7 Ra8 25. Qb6 Ra6 26. Qb4 Bxe3 27. Bxe3 Qxf3 28. Rc1 Rc6 29. Qa4 Rec8 30. Rxc6 Rxc6 31. Bh6 Rc8 32. Qd7 Ra8 33. g5 Qf5 34. Qxb7 Rc8 35. h3 d2 36. Qd5 Rc1+ 0-1

[Event "Tenerife-chT Preferente 1314"]
[Site "Tenerife"]
[Date "2014.04.05"]
[Round "13.3"]
[White "Schneider Sanchez, Carlos Domingo"]
[Black "Paz Mendez, German Christopher"]
[Result "1/2-1/2"]
[WhiteElo "2050"]
[BlackElo "1723"]
[PlyCount "98"]
[EventDate "2013.12.14"]
[EventType "team-tourn"]
[EventRounds "14"]
[EventCountry "ESP"]
[SourceTitle "EXT 2015"]
[Source "ChessBase"]
[SourceDate "2014.11.20"]
[SourceVersion "1"]
[SourceVersionDate "2014.11.20"]
[SourceQuality "1"]
[WhiteTeam "Rey Ahogado"]
[BlackTeam "Universidad"]
[WhiteTeamCountry "ESP"]
[BlackTeamCountry "ESP"]

1. d4 d5 2. c4 e6 3. Nc3 Nf6 4. Bg5 Be7 5. e3 c6 6. cxd5 exd5 7. Bd3 Bg4 8. Qc2 Nbd7 9. Nge2 Bxe2 10. Qxe2 Nf8 11. 0-0 Ne6 12. Bh4 0-0 13. Rad1 Qc7 14. Qf3 Ne8 15. Qh3 Bxh4 16. Qxh4 f5 17. f3 Nd6 18. Rc1 Qd7 19. Na4 Rae8 20. Rfe1 Rf6 21. Rc3 b5 22. Nc5 Nxc5 23. dxc5 Nc4 24. Qf2 Kh8 25. b3 d4 26. exd4 Rxe1+ 27. Qxe1 Qxd4+ 28. Kh1 Ne3 29. Bxb5 f4 30. Bd3 g6 31. Be4 Kg7 32. Rd3 Qb2 33. Rd2 Qe5 34. Qc1 Nd5 35. Bxd5 cxd5 36. c6 Rxc6 37. Qd1 Rd6 38. Rd4 a6 39. h3 Kf6 40. Qd2 g5 41. Kh2 h5 42. b4 Ke6 43. a4 Rc6 44. Qd3 Rc1 45. Qxa6+ Ke7 46. Qb7+ Kf6 47. Qxd5 Rh1+ 48. Kxh1 Qe1+ 49. Kh2 Qg3+ 1/2-1/2

[Event "Tenerife-chT"]
[Site "Tenerife"]
[Date "2013.03.02"]
[Round "6.4"]
[White "Schneider Sanchez, Carlos Domingo"]
[Black "Henriquez Garcia, David"]
[Result "0-1"]
[WhiteElo "2055"]
[BlackElo "2014"]
[PlyCount "68"]
[EventDate "2013.01.19"]
[EventType "team-tourn"]
[EventRounds "14"]
[EventCountry "ESP"]
[SourceTitle "EXT 2014"]
[Source "ChessBase"]
[SourceDate "2013.11.20"]
[SourceVersion "1"]
[SourceVersionDate "2013.11.20"]
[SourceQuality "1"]
[WhiteTeam "Rey Ahogado"]
[BlackTeam "Laguna Cotelec"]
[WhiteTeamCountry "ESP"]
[BlackTeamCountry "ESP"]

1. d4 Nf6 2. c4 e6 3. e3 b6 4. Bd3 Bb7 5. Nf3 Bb4+ 6. Bd2 Qe7 7. a3 Bxd2+ 8. Nbxd2 d6 9. 0-0 e5 10. e4 0-0 11. Re1 Nbd7 12. Nf1 exd4 13. Nxd4 Qe5 14. Bc2 a6 15. Ng3 g6 16. b4 Rae8 17. Qd2 c5 18. Nf3 Qe6 19. Bb3 Ne5 20. Ng5 Qe7 21. Rad1 Nc6 22. Nf3 Rd8 23. h3 Ne5 24. Nh2 Qe6 25. Qg5 Nfd7 26. Qc1 b5 27. f4 Nxc4 28. Bxc4 bxc4 29. Nf3 Qf6 30. Qd2 cxb4 31. axb4 c3 32. Qxd6 c2 33. Rd2 Qc3 34. Qd3 c1Q 0-1

[Event "Gran Canaria CupT"]
[Site "Gran Canaria"]
[Date "2011.06.03"]
[Round "3.2"]
[White "Schneider Sanchez, Carlos Domingo"]
[Black "Rodriguez Ferraz, Borja"]
[Result "0-1"]
[WhiteElo "2051"]
[BlackElo "2102"]
[PlyCount "64"]
[EventDate "2011.06.02"]
[EventType "team-tourn"]
[EventRounds "7"]
[EventCountry "ESP"]
[SourceTitle "CBM 142 Extra"]
[Source "ChessBase"]
[SourceDate "2011.06.27"]
[SourceVersion "1"]
[SourceVersionDate "2011.06.27"]
[SourceQuality "1"]
[WhiteTeam "Rey Ahogado"]
[BlackTeam "La Palma CajaCanarias"]
[WhiteTeamCountry "ESP"]
[BlackTeamCountry "ESP"]

1. d4 Nf6 2. c4 e6 3. Nf3 b6 4. g3 Bb7 5. Bg2 Be7 6. 0-0 0-0 7. Nc3 Ne4 8. Qc2 Nxc3 9. bxc3 f5 10. a4 c5 11. Rd1 d6 12. Ba3 Qc8 13. d5 e5 14. Rdb1 Ba6 15. Nd2 Bg5 16. e3 e4 17. Bc1 Bh6 18. a5 Nd7 19. Ra3 Qd8 20. Rba1 Bb7 21. axb6 axb6 22. Rxa8 Bxa8 23. Ra7 Ne5 24. Qa4 Qb8 25. Nb1 Bb7 26. Na3 Nd3 27. Nb5 Nxc1 28. h4 Nd3 29. g4 fxg4 30. Bxe4 Nxf2 31. Qc2 Nh3+ 32. Kh1 Rf1+ 0-1

[Event "Tenerife op 20th"]
[Site "Tenerife"]
[Date "2009.12.28"]
[Round "8"]
[White "Perez Barreto, Adrian"]
[Black "Schneider Sanchez, Carlos Domingo"]
[Result "0-1"]
[WhiteElo "1556"]
[BlackElo "2044"]
[PlyCount "84"]
[EventDate "2009.12.19"]
[EventType "swiss"]
[EventRounds "9"]
[EventCountry "ESP"]
[SourceTitle "CBM 134 Extra"]
[Source "ChessBase"]
[SourceDate "2010.03.03"]
[SourceVersion "1"]
[SourceVersionDate "2010.03.03"]
[SourceQuality "1"]

1. d4 d5 2. c4 e6 3. Nc3 Nf6 4. cxd5 exd5 5. Bg5 Be7 6. e3 0-0 7. Bd3 Re8 8. Qc2 h6 9. Bh4 c6 10. Nf3 Ne4 11. Bxe7 Qxe7 12. 0-0 Nd7 13. Rac1 f5 14. Rfe1 Rf8 15. Ne2 Ng5 16. Bxf5 Nxf3+ 17. gxf3 Qg5+ 18. Ng3 Nf6 19. Bxc8 Raxc8 20. Qf5 Qh4 21. Qg6 Rc7 22. Nf5 Qh3 23. Qg3 Qxf5 24. Qxc7 Qxf3 25. Qg3 Qh5 26. f3 Nh7 27. Qg4 Qf7 28. e4 Ng5 29. Rf1 Qg6 30. Kh1 h5 31. Qg2 Qh6 32. h4 Nxf3 33. Rc3 dxe4 34. Qf2 Rf4 35. Rxf3 Rxf3 36. Qg2 Qf4 37. Rxf3 Qxf3 38. Qxf3 exf3 39. Kg1 Kf7 40. Kf2 Kf6 41. Kxf3 Kf5 42. b4 b5 0-1

[Event "Cotelec Laguna op"]
[Site "Cotelec"]
[Date "2009.09.26"]
[Round "6"]
[White "Pinto Henriquez, Rodrigo"]
[Black "Schneider Sanchez, Carlos Domingo"]
[Result "1-0"]
[WhiteElo "2219"]
[BlackElo "2045"]
[PlyCount "103"]
[EventDate "2009.09.21"]
[EventType "swiss"]
[EventRounds "9"]
[EventCountry "ESP"]
[SourceTitle "CBM 132 Extra"]
[Source "ChessBase"]
[SourceDate "2009.11.03"]
[SourceVersion "1"]
[SourceVersionDate "2009.11.03"]
[SourceQuality "1"]

1. d4 d5 2. c4 c6 3. Nc3 Nf6 4. e3 e6 5. Nf3 Nbd7 6. Bd3 Bd6 7. 0-0 0-0 8. e4 dxe4 9. Nxe4 Nxe4 10. Bxe4 h6 11. Bc2 e5 12. Be3 Re8 13. c5 Bc7 14. d5 cxd5 15. Qxd5 Nf6 16. Qc4 Be6 17. Qh4 Ng4 18. Rad1 Qxh4 19. Nxh4 Nxe3 20. fxe3 Rad8 21. Be4 b6 22. c6 Rxd1 23. Rxd1 Rd8 24. Rxd8+ Bxd8 25. Nf5 Bc7 26. Ne7+ Kf8 27. Nd5 Bxd5 28. Bxd5 a5 29. a4 Ke7 30. e4 Kd6 31. Kf2 Bd8 32. Kf3 f5 33. Ke3 Bg5+ 34. Kd3 Bf4 35. g3 Bg5 36. exf5 Bd8 37. Kc4 Bf6 38. Be4 Bg5 39. Kd3 Bc1 40. b3 Bg5 41. Ke2 Bd8 42. Kf3 Kc5 43. h4 Kd4 44. g4 Kc5 45. g5 hxg5 46. hxg5 Kd6 47. Kg4 Ke7 48. Kh5 Kf7 49. Bd5+ Kf8 50. Kg6 Bc7 51. Kh7 Bd8 52. f6 1-0

[Event "Tenerife op 19th"]
[Site "Tenerife"]
[Date "2009.01.12"]
[Round "7"]
[White "Schneider Sanchez, Carlos Domingo"]
[Black "Cabrera Trujillo, Jorge Juan"]
[Result "0-1"]
[WhiteElo "2105"]
[BlackElo "2439"]
[PlyCount "94"]
[EventDate "2008.12.29"]
[EventType "swiss"]
[EventRounds "9"]
[EventCountry "ESP"]
[SourceTitle "CBM 128 Extra"]
[Source "ChessBase"]
[SourceDate "2009.03.05"]
[SourceVersion "2"]
[SourceVersionDate "2009.03.25"]
[SourceQuality "1"]

1. d4 Nf6 2. c4 g6 3. Nc3 Bg7 4. e4 0-0 5. f3 d6 6. Be3 c5 7. d5 e6 8. Qd2 exd5 9. cxd5 a6 10. a4 Qa5 11. Bd3 Nbd7 12. Nge2 b5 13. 0-0 b4 14. Nd1 Ne5 15. Nf2 c4 16. Bc2 Bd7 17. Bd4 Rfc8 18. Qe3 Qd8 19. h3 Qe7 20. g4 c3 21. b3 Be8 22. Kg2 Ned7 23. h4 h5 24. g5 Nh7 25. Bxg7 Kxg7 26. Qd4+ f6 27. f4 a5 28. Ng3 Kg8 29. Rae1 Bf7 30. Nd3 Re8 31. Kh2 Qf8 32. Rf2 Qg7 33. Nxh5 gxh5 34. g6 Bxg6 35. Rg2 Kh8 36. f5 Ne5 37. Nxe5 fxe5 38. Qg1 Qe7 39. Rxg6 Qxh4+ 40. Kg2 Rg8 41. Re3 Rxg6+ 42. fxg6 Rg8 43. Rg3 Qxg3+ 44. Kxg3 Rxg6+ 45. Kf2 Rxg1 46. Kxg1 Nf6 47. Kf2 Ng4+ 0-1

[Event "Tenerife op 19th"]
[Site "Tenerife"]
[Date "2009.01.07"]
[Round "4"]
[White "Schneider Sanchez, Carlos Domingo"]
[Black "Perez Celis, Alba"]
[Result "1-0"]
[WhiteElo "2105"]
[BlackElo "1822"]
[PlyCount "115"]
[EventDate "2008.12.29"]
[EventType "swiss"]
[EventRounds "9"]
[EventCountry "ESP"]
[SourceTitle "CBM 128 Extra"]
[Source "ChessBase"]
[SourceDate "2009.03.05"]
[SourceVersion "2"]
[SourceVersionDate "2009.03.25"]
[SourceQuality "1"]

1. Nf3 Nf6 2. c4 e6 3. Nc3 d5 4. d4 Nbd7 5. Bf4 c6 6. e3 Be7 7. cxd5 exd5 8. Bd3 Nh5 9. Be5 0-0 10. 0-0 f6 11. Ng5 Qe8 12. Ne6 fxe5 13. Nc7 Qf7 14. Nxa8 Bd6 15. Be2 Nhf6 16. Qa4 a6 17. Qa5 b6 18. Nxb6 Bc7 19. Nca4 Nxb6 20. Nxb6 Nd7 21. Bxa6 Bxb6 22. Qa4 exd4 23. Bxc8 Rxc8 24. exd4 Qf4 25. Rad1 Nf6 26. Qa6 Rb8 27. Qd3 Ne4 28. g3 Qf6 29. f3 Ng5 30. Rd2 Ne6 31. Kg2 Bxd4 32. b3 Rf8 33. Re2 c5 34. Rfe1 Ng5 35. Re8 Rxe8 36. Rxe8+ Kf7 37. Re2 h6 38. h4 Ne6 39. Qb5 Nf4+ 40. gxf4 Qg6+ 41. Kh3 Qf5+ 42. Kg3 Qg6+ 43. Kh3 Qf5+ 44. Kh2 Qxf4+ 45. Kg2 Qf5 46. Qe8+ Kf6 47. Qc6+ Kf7 48. Qe8+ Kf6 49. Qf8+ Kg6 50. Qxf5+ Kxf5 51. a4 Bc3 52. Ra2 Ba5 53. Rc2 Bb4 54. a5 Bxa5 55. Rxc5 Bb4 56. Rxd5+ Ke6 57. Rd4 Be7 58. b4 1-0

[Event "Tenerife op 19th"]
[Site "Tenerife"]
[Date "2009.01.02"]
[Round "3"]
[White "Fernandez Garcia, Jose Luis"]
[Black "Schneider Sanchez, Carlos Domingo"]
[Result "1-0"]
[WhiteElo "2458"]
[BlackElo "2105"]
[PlyCount "51"]
[EventDate "2008.12.29"]
[EventType "swiss"]
[EventRounds "9"]
[EventCountry "ESP"]
[SourceTitle "CBM 128 Extra"]
[Source "ChessBase"]
[SourceDate "2009.03.05"]
[SourceVersion "2"]
[SourceVersionDate "2009.03.25"]
[SourceQuality "1"]

1. e4 c5 2. Nf3 d6 3. d4 cxd4 4. Nxd4 Nf6 5. Nc3 g6 6. Bc4 Bg7 7. 0-0 0-0 8. Re1 Nc6 9. Nb3 Ne5 10. Bf1 Be6 11. Nd5 Bxd5 12. exd5 Rc8 13. a4 a6 14. a5 Re8 15. h3 Qc7 16. c3 Nc4 17. Ra4 Ne5 18. Be3 Ned7 19. Rc4 Qd8 20. Rb4 Qc7 21. Bd4 Bh6 22. Bc4 Nc5 23. Nxc5 dxc5 24. Be5 Qd7 25. Rb6 Bg7 26. Qb3 1-0

[Event "Tenerife op 19th"]
[Site "Tenerife"]
[Date "2008.12.30"]
[Round "2"]
[White "Campos Vera, Carlos"]
[Black "Schneider Sanchez, Carlos Domingo"]
[Result "0-1"]
[WhiteElo "1641"]
[BlackElo "2105"]
[PlyCount "136"]
[EventDate "2008.12.29"]
[EventType "swiss"]
[EventRounds "9"]
[EventCountry "ESP"]
[SourceTitle "CBM 128 Extra"]
[Source "ChessBase"]
[SourceDate "2009.03.05"]
[SourceVersion "2"]
[SourceVersionDate "2009.03.25"]
[SourceQuality "1"]

1. e4 c5 2. Nf3 e6 3. d4 cxd4 4. Nxd4 Nf6 5. Nc3 Nc6 6. Be3 a6 7. Be2 Qc7 8. f4 d6 9. 0-0 Be7 10. a3 0-0 11. Qe1 Nxd4 12. Bxd4 b5 13. Qg3 Bb7 14. Bf3 Bc6 15. Rad1 Rad8 16. Kh1 Qb7 17. b4 g6 18. Rfe1 Ne8 19. h4 Bf6 20. h5 Bxd4 21. Rxd4 Ng7 22. h6 Ne8 23. f5 e5 24. Rd3 Nf6 25. Qg5 Qe7 26. Bh5 Nd5 27. Qxe7 Nxe7 28. f6 Nc8 29. Bg4 Nb6 30. Red1 Nc4 31. Re1 Bd7 32. Bxd7 Rxd7 33. Nd5 Ra8 34. Rc3 Kf8 35. g4 a5 36. Rxc4 bxc4 37. Nb6 Rda7 38. Nxa8 Rxa8 39. Rd1 axb4 40. axb4 Ra6 41. Kg2 Ke8 42. g5 Kd7 43. Kf3 Ra2 44. Rd2 c3 45. Re2 Rb2 46. Ke3 Rxb4 47. Kd3 Rb1 48. Rg2 Re1 49. Rg4 Ke6 50. Kxc3 Rd1 51. Rg2 Rd4 52. Re2 d5 53. exd5+ Rxd5 54. Kc4 Rd4+ 55. Kc5 Rg4 56. Rd2 Rxg5 57. Rd6+ Kf5 58. c4 Rg2 59. Kc6 e4 60. Kd7 e3 61. Ke7 e2 62. Kxf7 e1Q 63. Kg7 Rd2 64. f7 Qe5+ 65. Kxh7 Qxd6 66. Kg8 Qe6 67. h7 Rd8+ 68. Kg7 Qf6+ 0-1